Statistiken für Top 10 Länder nach Landgrenzen

Klicken Sie hier um das Quiz zu spielen!

Allgemein

  • Dieses Quiz wurde 190 mal gespielt
    (113 seit der letzten Aktualisierung)
  • Das Durchschnittsergebnis liegt bei 9 aus 10

Antwortstatistiken

Landgrenzen in kmLand% Korrekt
22.457China
100%
20.408Russland
100%
12.048Vereinigte Staaten
99%
16.145Brasilien
96%
8.894Kanada
94%
13.888Indien
87%
13.364Kasachstan
83%
11.968Argentinien
77%
8.082Mongolei
74%
10.481Demokratische Republik Kongo
70%

Verteilung der Resultate

Perzentil nach korrekt beantworteten Fragen

Anzahl Personen mit jedem Resultat

Ihre Resultats-Entwicklung

Sie haben dieses Quiz seit der letzten Aktualisierung nicht gespielt